| 000 | 00381nam a2200145Ia 4500 | ||
|---|---|---|---|
| 008 | 230312s9999||||xx |||||||||||||| ||und|| | ||
| 082 |
_a658.4 _bKEP |
||
| 100 | _aCharles H. Kepner | ||
| 245 | 0 | _aRelational manager | |
| 260 |
_bKepner-Tregoe,INC. _aNew Jersey _c1965 |
||
| 300 | _a263 | ||
| 546 | _aEng. | ||
| 650 |
_aManagement _vIntroduction, Problem Solvers at work |
||
| 942 | _cBK | ||
| 999 |
_c620 _d620 |
||